LIBRARY & INFORMATION CENTRE, KCAET, TAVANUR

ONLINE PUBLIC ACCESS CATALOGUE (OPAC)

Sugandhi Enna Aandal Devanayaki (Record no. 15366)

MARC details
000 -LEADER
fixed length control field 00329nam a22001337a 4500
020 ## - INTERNATIONAL STANDARD BOOK NUMBER
ISBN 9788126452323
082 ## - DEWEY DECIMAL CLASSIFICATION NUMBER
Classification number 894.812 3
Item number RAM/SU
100 ## - MAIN ENTRY--AUTHOR NAME
Personal name Ramakrishnan, T. D
245 ## - TITLE STATEMENT
Title Sugandhi Enna Aandal Devanayaki
260 ## - PUBLICATION, DISTRIBUTION, ETC. (IMPRINT)
Place of publication Kottayam
Name of publisher D.C Books
Year of publication 2018
300 ## - PHYSICAL DESCRIPTION
Number of Pages 295
650 ## - SUBJECT ADDED ENTRY--TOPICAL TERM
Topical Term Malayalam Fiction
942 ## - ADDED ENTRY ELEMENTS (KOHA)
Koha item type Books
Holdings
Withdrawn status Lost status Damaged status Home library Current library Date acquired Cost, normal purchase price Full call number Accession Number Koha item type
      KAUAET KAUAET 12/04/2018 280.00 894.812 3 RAM/SU 25650 Books
free website counter